Aspectos estratégicos de la gestión pública para el crecimiento sostenible de las ciudades / (Registro nro. 7042)

Detalles MARC
000 -LEADER
fixed length control field 02033cam a2200313 i 4500
001 - CONTROL NUMBER
control field 19380191
003 - CONTROL NUMBER IDENTIFIER
control field OSt
005 - DATE AND TIME OF LATEST TRANSACTION
control field 20210104113033.0
008 - FIXED-LENGTH DATA ELEMENTS--GENERAL INFORMATION
fixed length control field 161113t20162016ve a b 000 0 spa d
020 ## - INTERNATIONAL STANDARD BOOK NUMBER
International Standard Book Number 9789806125827
040 ## - CATALOGING SOURCE
Original cataloging agency STF
Transcribing agency CO-JMCR
041 0# - LANGUAGE CODE
Language code of text/sound track or separate title spa
082 04 - DEWEY DECIMAL CLASSIFICATION NUMBER
Classification number 307.76098 /
Item number N322a
Edition number 23
100 1# - MAIN ENTRY--PERSONAL NAME
Personal name Navarro Arredondo, Alejandro,
Relator term autor
9 (RLIN) 12598
245 10 - TITLE STATEMENT
Title Aspectos estratégicos de la gestión pública para el crecimiento sostenible de las ciudades /
Statement of responsibility, etc. Alejandro Navarro Arredondo, Claudia Cecilia González Torres, Luis Ainstein, Gisela Signorelli.
260 ## - PUBLICATION, DISTRIBUTION, ETC.
Place of publication, distribution, etc. Caracas, Venezuela :
Name of publisher, distributor, etc. CLAD, Centro Latinoamericano de Administración para el Desarrollo,
Date of publication, distribution, etc. ©2016
300 ## - PHYSICAL DESCRIPTION
Extent 230 páginas :
Other physical details ilustraciones, gráficas a blanco y negro ;
Dimensions 23 cm.
490 0# - SERIES STATEMENT
Series statement Serie Documentos debate del CLAD ;
Volume/sequential designation 21
504 ## - BIBLIOGRAPHY, ETC. NOTE
Bibliography, etc. note Includes bibliographical references.
505 0# - FORMATTED CONTENTS NOTE
Title Experiencias locales exitosas para el crecimiento sostenible de las ciudades /
Statement of responsibility Alejandro Navarro Arredondo --
Title El dilema estratégico de las ciudades sostenibles : ¿crecer o mejorar? Algunas consideraciones y propuestas basadas en el caso chileno /
Statement of responsibility Claudia Cecilia González Torres --
Title Gestión regional/urbana apropiada en el nuevo siglo : el caso de las grandes aglomeraciones difusas /
Statement of responsibility Luis Ainstein --
Title Efectos redistributivos materiales y simbólicos de la participación ciudadana : las experiencias de Montevideo, Rosario y Porto Alegre (2002-2012) /
Statement of responsibility Gisela Signorelli --
Title El AMBA de Argentina : estrategias rumbo al crecimiento sostenible de sus ciudades /
Statement of responsibility Luciano Machuca.
Formatted contents note
586 ## - AWARDS NOTE
Awards note Winners of the 28th Concurso de Monografías del CLAD (2015).
650 24 - SUBJECT ADDED ENTRY--TOPICAL TERM
Topical term or geographic name entry element Urbanización
Geographic subdivision Latino América.
9 (RLIN) 12599
650 24 - SUBJECT ADDED ENTRY--TOPICAL TERM
Topical term or geographic name entry element Desarrollo sostenible
Geographic subdivision Latino América
9 (RLIN) 12600
650 #0 - SUBJECT ADDED ENTRY--TOPICAL TERM
Topical term or geographic name entry element Gobierno municipal
Geographic subdivision Latino América.
9 (RLIN) 12601
700 1# - ADDED ENTRY--PERSONAL NAME
Personal name Gonzáles Torres, Claudia Cecilia,
Relator term autora
9 (RLIN) 12602
700 1# - ADDED ENTRY--PERSONAL NAME
Personal name Ainstein, Luis,
Relator term autor
9 (RLIN) 12603
700 1# - ADDED ENTRY--PERSONAL NAME
Personal name Signorelli, Gisela,
Relator term autora
9 (RLIN) 12604
942 ## - ADDED ENTRY ELEMENTS (KOHA)
Source of classification or shelving scheme Dewey Decimal Classification
Koha item type Books
Existencias
Withdrawn status Lost status Source of classification or shelving scheme Damaged status Not for loan Home library Current library Shelving location Date acquired Source of acquisition Total Checkouts Full call number Barcode Date last seen Copy number Price effective from Koha item type
    Dewey Decimal Classification     Biblioteca Pública José María del Castillo y Rada Biblioteca Pública José María del Castillo y Rada General Stacks 12/16/2020 Donación   307.76098 / N322a 201810189 05/16/2024 Ej.1 12/16/2020 Books